| 000 | 00555cam a2200205ua 4500 | ||
|---|---|---|---|
| 001 | 6600 | ||
| 005 | 20260515114056.0 | ||
| 008 | 140311n ii |||gr||||Z||||||eng | ||
| 020 | _a978-81-272-5517-6 | ||
| 040 | _cMAIN | ||
| 082 | _a338.04 | ||
| 245 |
_aEntrepreneurship development _cBy Ajanta Borgohain Rajkonwar |
||
| 250 | _a2nd rev. ed. | ||
| 260 |
_aLudhiana: _bKalyani publishers, _c2004. |
||
| 300 | _ax,263p. | ||
| 653 | _aProduction | ||
| 653 | _aEntrepreneurship development | ||
| 700 |
_aRajkonwar,Ajanta Borgohain, _eAuthor. |
||
| 942 | _cBK | ||
| 999 |
_c5744 _d5744 |
||